| 000 | 01788nam a2200337 a 4500 | ||
|---|---|---|---|
| 001 | 000043320 | ||
| 003 | OSt | ||
| 005 | 20211111112209.0 | ||
| 008 | 140307s2015 dr r 000 0 spa d | ||
| 020 | _a9789945167153 | ||
| 040 |
_aDO-SdBNP _bspa _cBNPHU |
||
| 082 | 4 |
_a460.7 _bA475m 2015 _222 |
|
| 100 | 1 |
_aAlvino Romero, Sonia _9520 |
|
| 245 | 1 | 0 |
_aManual práctico de redacción general / _cSonia Alvino Romero ; prólogo Nan Chevalier. |
| 250 | _a7a ed. corr. | ||
| 260 |
_aSanto Domingo : _bBúho, _c2015. |
||
| 300 |
_a207 p. : _bil. ; _c28 cm. |
||
| 500 | _aLa biblioteca posee la tercera reimpresión de febrero del 2018. | ||
| 504 | _aBibliografía : p. 205-207 | ||
| 505 | 0 |
_tPrólogo -- _tIntroducción -- _gPrimera unidad. _tLa comunicación: importancia para el ser humano -- _tLa lectura -- _tLa expresión común y la expresión literaria -- _t¿Qué es redactar? -- _tEl estilo -- _tEl párrafo -- _tEl resumen y la síntesis -- _tLa acentuación -- _tLas letras mayúsculas -- _tLos signos de puntuación -- _tDudas lingüísticas -- _gSegunda unidad. _tDistintas formas de expresión -- _gTercera unidad. _tPreliminares -- _tRedacción de textos discursivos e informativos -- _tLa redacción periodística -- _tLa redacción de textos publicitarios -- _tApéndice -- _tBibliografía. |
|
| 590 | _aInventariado, 2020/ YL | ||
| 650 | 4 |
_aEspañol _xEnseñanza _9406 |
|
| 650 | 4 |
_aRedacción _xEjercicios de redacción _91227 |
|
| 650 | 4 |
_aEspañol _xOrtografía _xEnseñanza _91228 |
|
| 650 | 4 |
_aEspañol _xEscritura _xLibros de texto _91229 |
|
| 650 |
_aPreparación de manuscritos (arte de escribir) _91230 |
||
| 650 | 4 |
_aPeriodismo _xArte de escribir _927 |
|
| 700 | 1 | 2 |
_aChevalier, Nan, _d1965- _eprólogo _9350 |
| 910 | _aVMateo Validado. Control de calidad. MFF | ||
| 942 |
_2ddc _cLBS1 |
||
| 999 |
_c49010 _d49010 |
||